Statistics for Cold War quiz

Click here to take the quiz!

General Stats

  • This quiz has been taken 38 times
  • The average score is 9 of 13

Answer Stats

QuestionAnswer% Correct
Which event has officially ended Cold War?USSR collapse
97%
Who was the communist leader that has been supported by the USSR in the Cold War?Mao Zedong
82%
What was the Red ScareA propaganda to promote communism
79%
Which country has pushed the USA to declare a very high level of alert?Cuba
76%
Which was the capital of the USSR in the Cold war?Moscow
76%
When did the cold war started, who was the leader of the USSRStalin
76%
Which pact has been created the first?NATO
64%
The slogan "Let s make America great again" was raised in the Cold War when the USA was facing critical condition. Who was the president that used this slogan?Ronald Reagan
64%
Which country was the epicenter of the Cold War?Germany
58%
The wall of Berlin was build in1961
55%
The length of the Cold War45 years
52%
In the Cold War there was a certain president who took several decisions against a greater nation despite their common ideology. Who was he?Tito
48%
How long was Germany divided because the Cold War tensions?28 years
39%

Score Distribution

Percentile by Number Answered

Percent of People with Each Score

Your Score History

You have not taken this quiz